Statistics for Marvel Announcements @SDCC2022

Click here to take the quiz!

General Stats

  • This quiz has been taken 19 times
  • The average score is 19 of 23

Answer Stats

ClueMovie/TV Show% Correct
This Wesley Snipes reboot has finally received its release date.Blade
100%
Sam Wilson finally gets his own solo film.Captain America: New World Order
100%
This character who cameoed in No Way Home is receiving they’re own Disney+ series in Spring 2024.Daredevil: Born Again
100%
What mischievous twists and turns will come in season two of this series?Loki
100%
A lawyer becomes conflicted between being a superhero and doing her job; she teams up with another fellow lawyerShe-Hulk: Attorney At Law
100%
Season two of this series will show us new interesting concepts.What If…?
100%
Unfortunately, John Krasinski will not reprise the leading role. But the movie is coming November 2024.Fantastic Four
92%
This character being introduced in the Black Panther sequel is receiving her own TV series.Ironheart
92%
Skrulls: Good or Bad? It seems that they’re involved with the…Secret Invasion
92%
The Suicide Squad of the MCU. Rest In Peace, William Hurt.Thunderbolts
92%
A returning villain from one of the Marvel Disney+ series. She’ll be pulling every evil string.Agatha: Coven of Chaos
85%
Jonathan Majors will be the big bad!Avengers: The Kang Dynasty
85%
A returning villain from one of the Marvel Disney+ series.Echo
85%
The third and final installment in the beloved off-world franchise.Guardians of the Galaxy Vol. 3
85%
A new series showing Peter Parker in another universe in his early years of high school.Spider-Man: Freshman Year
85%
A continuation of the storylines given in WandaVision, Captain Marvel, and Ms. MarvelThe Marvels
85%
The poster reveals one’s offspring taking on a bug-like suit.Ant-Man and The Wasp: Quantumania
77%
The epic conclusion to the Multiverse Saga!Avengers: Secret Wars
77%
A trailer released for the small loveable tree.I Am Groot
77%
Finally! A teaser trailer! 🙅🏿‍♂️Black Panther: Wakanda Forever
69%
This animated Disney+ series will be the first of which are rated TV-MA.Marvel Zombies
62%
Fall of 2023 will present us a show themed with 90s animation.X-Men ‘97
54%
A sequel series to the one above.Spider-Man: Sophomore Year
38%

Score Distribution

Percentile by Number Answered

Percent of People with Each Score

Your Score History

You have not taken this quiz